| Tag |
First Indicator |
Second Indicator |
Subfields |
| LEADER |
00000cas a2200000 a 4500 |
| 001 |
in00001041925 |
| 005 |
20230711201007.4 |
| 008 |
891026c19889999stkar 0 0eng d |
| 010 |
|
|
|a sn 91024289
|
| 022 |
|
|
|z 0952-7222
|
| 035 |
|
|
|a (OCoLC)20550419
|
| 035 |
|
|
|9 AFG7082AM
|
| 040 |
|
|
|a AUM
|c AUM
|d AGL
|d GUA
|d UtOrBLW
|
| 042 |
|
|
|a lcd
|
| 049 |
|
|
|a TXAE
|
| 090 |
|
|
|a SF95
|b .R6
|
| 110 |
2 |
|
|a Rowett Research Institute.
|
| 245 |
1 |
0 |
|a Annual report /
|c the Rowett Research Institute.
|
| 246 |
1 |
8 |
|a Rowett Research Institute annual report
|
| 264 |
|
1 |
|a Bucksburn, Aberdeen :
|b The Institute,
|c [1988-]
|
| 264 |
|
4 |
|c ©1988-
|
| 300 |
|
|
|a volumes :
|b illustrations ;
|c 30 cm.
|
| 310 |
|
|
|a Annual
|
| 336 |
|
|
|a text
|b txt
|2 rdacontent
|
| 337 |
|
|
|a unmediated
|b n
|2 rdamedia
|
| 338 |
|
|
|a volume
|b nc
|2 rdacarrier
|
| 362 |
0 |
|
|a 1988-
|
| 500 |
|
|
|a Description based on 1989.
|
| 500 |
|
|
|a The Cushing Dykes collection copy of 1985 donated by Jeff Dykes.
|
| 610 |
2 |
0 |
|a Rowett Research Institute
|x Periodicals.
|
| 650 |
|
0 |
|a Animal nutrition
|x Periodicals.
|
| 780 |
0 |
0 |
|a Rowett Research Institute.
|t Rowett Research Institute report
|x 0952-7222
|w (OCoLC)18211829
|
| 948 |
|
|
|a t3
|
| 999 |
|
|
|a MARS
|
| 999 |
f |
f |
|s 35e9846d-3b2a-3b4d-898d-f2348f953619
|i d826bdbf-60bc-3bba-a834-cc74e95977cd
|t 0
|
| 952 |
f |
f |
|p ric
|a Texas A&M University
|b Rellis Campus
|c Joint Library Facility
|d Remote Storage
|t 0
|e SF95 .R6
|h Library of Congress classification
|i unmediated -- volume
|l 1994
|m A14820335896
|
| 952 |
f |
f |
|p ric
|a Texas A&M University
|b Rellis Campus
|c Joint Library Facility
|d Remote Storage
|t 0
|e SF95 .R6
|h Library of Congress classification
|i unmediated -- volume
|l 1993
|m A14820335846
|
| 952 |
f |
f |
|p ric
|a Texas A&M University
|b Rellis Campus
|c Joint Library Facility
|d Remote Storage
|t 0
|e SF95 .R6
|h Library of Congress classification
|i unmediated -- volume
|l 1997/1998
|m A14824267914
|
| 952 |
f |
f |
|p ric
|a Texas A&M University
|b Rellis Campus
|c Joint Library Facility
|d Remote Storage
|t 0
|e SF95 .R6
|h Library of Congress classification
|i unmediated -- volume
|l 1992
|m A14818510684
|
| 952 |
f |
f |
|p ric
|a Texas A&M University
|b Rellis Campus
|c Joint Library Facility
|d Remote Storage
|t 0
|e SF95 .R6
|h Library of Congress classification
|i unmediated -- volume
|l 1989
|m A14812256135
|
| 952 |
f |
f |
|p ric
|a Texas A&M University
|b Rellis Campus
|c Joint Library Facility
|d Remote Storage
|t 0
|e SF95 .R6
|h Library of Congress classification
|i unmediated -- volume
|l 1991
|m A14816576008
|
| 952 |
f |
f |
|p ric
|a Texas A&M University
|b Rellis Campus
|c Joint Library Facility
|d Remote Storage
|t 0
|e SF95 .R6
|h Library of Congress classification
|i unmediated -- volume
|l 1996
|m A14821393350
|
| 952 |
f |
f |
|p noncirc
|a Texas A&M University
|b College Station
|c Cushing Memorial Library & Archives
|d Cushing: Dykes (Does not check out)
|t 0
|e SF95 .R6
|h Library of Congress classification
|i unmediated -- volume
|l 1985
|m A1485297246F
|
| 952 |
f |
f |
|p ric
|a Texas A&M University
|b Rellis Campus
|c Joint Library Facility
|d Remote Storage
|t 0
|e SF95 .R6
|h Library of Congress classification
|i unmediated -- volume
|l 1995
|m A14820339183
|
| 998 |
f |
f |
|a SF95 .R6
|s 1985
|t 0
|l Cushing: Dykes (Does not check out)
|
| 998 |
f |
f |
|a SF95 .R6
|s 1997/1998
|t 0
|l Remote Storage
|